[Event "Gagra op"]
[Site "Gagra"]
[Date "2008.09.25"]
[Round "7"]
[White "Zayac, Evgeny"]
[Black "Sotnikov, Alexander I"]
[Result "0-1"]
[WhiteElo "2342"]
[BlackElo "2283"]
[PlyCount "132"]
[EventDate "2008.09.18"]
[EventType "swiss"]
[EventRounds "9"]
[EventCountry "GEO"]
[SourceTitle "EXT 2011"]
[Source "ChessBase"]
[SourceDate "2010.11.26"]
[SourceVersion "1"]
[SourceVersionDate "2010.11.26"]
[SourceQuality "1"]

1. c4 b6 2. Nc3 Bb7 3. e4 e5 4. Nf3 Nc6 5. d3 Bb4 6. Bd2 a5 7. g3 Nf6 8. Bg2 0-0 9. 0-0 Re8 10. a3 Bc5 11. Rb1 h6 12. Nh4 Nd4 13. b4 axb4 14. axb4 Be7 15. Ne2 Nxe2+ 16. Qxe2 Ra2 17. Qd1 Qa8 18. Bc3 d6 19. Nf5 Bf8 20. Ra1 Qa3 21. Rxa2 Qxa2 22. f4 Qa3 23. Qd2 g6 24. Ne3 Bg7 25. fxe5 Nd7 26. Nc2 Qa8 27. exd6 Ne5 28. dxc7 Qc8 29. Bxe5 Rxe5 30. d4 Re7 31. d5 Rxc7 32. Ne3 Qe8 33. Qd3 Qe5 34. Rd1 Bc8 35. d6 Ra7 36. Qc2 Ra1 37. Rxa1 Qxa1+ 38. Kf2 Bd4 39. Ke2 Qg1 40. Qd2 Bxe3 41. Qxe3 Qxg2+ 42. Kd3 Be6 43. Qd4 b5 44. c5 Bc4+ 45. Kc3 Qf3+ 46. Kd2 Qe2+ 47. Kc1 Bd3 48. Qc3 Qxe4 49. d7 Qd5 50. c6 Bf5 51. Qc5 Qh1+ 52. Kd2 Qxh2+ 53. Kc1 Qh1+ 54. Kd2 Qg2+ 55. Kc1 Qf1+ 56. Kd2 Qd3+ 57. Ke1 Bxd7 58. cxd7 Qxd7 59. Ke2 Qg4+ 60. Kd2 Qd7+ 61. Ke3 h5 62. Ke4 Kg7 63. Qe5+ f6 64. Qc5 g5 65. Kf3 Kg6 66. Kg2 Qd2+ 0-1

[Event "Gagra op"]
[Site "Gagra"]
[Date "2008.09.20"]
[Round "3"]
[White "Zayac, Evgeny"]
[Black "Makarkin, Zhan"]
[Result "1-0"]
[WhiteElo "2342"]
[BlackElo "2166"]
[PlyCount "83"]
[EventDate "2008.09.18"]
[EventType "swiss"]
[EventRounds "9"]
[EventCountry "GEO"]
[SourceTitle "EXT 2011"]
[Source "ChessBase"]
[SourceDate "2010.11.26"]
[SourceVersion "1"]
[SourceVersionDate "2010.11.26"]
[SourceQuality "1"]

1. d4 d5 2. Nf3 Nf6 3. c4 e6 4. g3 c6 5. Nbd2 Nbd7 6. Qc2 Bd6 7. Bg2 0-0 8. 0-0 e5 9. cxd5 e4 10. Nxe4 Nxe4 11. Qxe4 Nf6 12. Qd3 cxd5 13. Bg5 h6 14. Bxf6 Qxf6 15. Qb3 Rd8 16. e3 Rb8 17. Nd2 Be6 18. Nb1 Qf5 19. Nc3 Bc7 20. Rac1 Ba5 21. Qa3 Bxc3 22. Rxc3 a6 23. Qb3 Rd7 24. Rfc1 Kh7 25. Qc2 Qxc2 26. R1xc2 Kg6 27. Rc8 Rxc8 28. Rxc8 Kf6 29. Rc5 Ke7 30. Kf1 Kd6 31. Ke2 Rc7 32. Rxc7 Kxc7 33. Kd3 b6 34. Kc3 a5 35. Bf1 Bd7 36. f3 f5 37. Bd3 g5 38. b4 Kd6 39. bxa5 bxa5 40. Kb3 Kc7 41. Kc3 Kb6 42. Bc2 1-0